00718nam a2200241 a 4500001001300000003000900013005001700022008004100039020000800080082001700088100002100105245005400126260005600180300000900236500003500245505003400280650001700314700002100331902000800352942000700360952009400367999001500461nice12345678IN_TiNIC20260116011550.0050524s1895 wesa grp 000 0 eng  ac000a954.025bHOL aHolden, Edward S aMogul Emperors of Hindustan, A. D. 1398-A.D. 1707 aWestministerbArchibald Constable and Companyc1895 a365p aincludes index and biblioraphy2 aAppendex, Bibliography, Index aMughal India1 aHolden, Edward S bSRS cBK 00104070aHMIbHMId2005-05-24g0.00l0o954.025 HOLp867r2005-05-24w2026-01-16yARB c2645d2645